000 00961cam a2200157 4500500
005 20260329040513.0
041 _afre
042 _adc
100 1 0 _aGuellati, Amel
_eauthor
700 1 0 _aHorchani, Inès
_eauthor
700 1 0 _aKlibi, Isabelle
_eauthor
245 0 0 _aMarhaba : Grand manuel d'arabe
260 _bArmand Colin,
_c2022.
520 _aL’arabe est sans doute la langue étrangère la plus parlée en France. Langue de l’Islam, langue d’un grand espace économique et politique, elle n’est pas moins langue de culture avant tout. Ce Grand manuel de langue et civilisation arabes propose une initiation progressive et structurée à l’arabe littéral moderne comme vecteur de culture à la fois classique et populaire, enracinée dans l’histoire multiple des peuples arabophones et ouverte à la modernité.
856 4 1 _uhttps://shs.cairn.info/marhaba-grand-manuel-d-arabe--9782200624477?lang=fr&redirect-ssocas=7080
999 _c1972673
_d1972673